Most NCAA Football Wins 2000-2025 - Statistics

General Stats
  • This quiz has been taken 30 times
  • The average score is 20 of 25
Answer Stats
Rank Wins College % Correct
2 271 Alabama
100%
3 270 Georgia
100%
13 224 Michigan
100%
1 285 Ohio St
100%
16 217 Florida
96%
T-4 269 Oklahoma
96%
9 234 Texas
96%
10 232 USC
96%
6 252 Clemson
92%
T-7 247 Oregon
92%
24 208 Auburn
88%
15 218 Florida St
88%
T-7 247 LSU
88%
20 213 Miami
88%
17 215 Penn St
88%
12 226 Notre Dame
81%
T-4 269 Boise St
73%
T-18 214 Utah
73%
T-18 214 BYU
69%
22 210 Iowa
65%
11 228 TCU
65%
14 223 Wisconsin
65%
21 212 Virginia Tech
54%
23 209 Louisville
35%
25 204 Toledo
15%
No matching quizzes found
Score Distribution
Percent of People with Each Score
Percentile by Number Answered
Your Score History
You have not taken this quiz